[Event "Berlin-ch Seniors op 33rd"]
[Site "Berlin"]
[Date "2017.02.06"]
[Round "6"]
[White "Uhle, Claus"]
[Black "Roloff, Karsten"]
[Result "0-1"]
[WhiteElo "1364"]
[BlackElo "1623"]
[PlyCount "88"]
[EventDate "2017.01.31"]
[EventType "swiss"]
[EventRounds "9"]
[EventCountry "GER"]
[SourceTitle "EXT 2019"]
[Source "ChessBase"]
[SourceDate "2018.10.10"]
[SourceVersion "1"]
[SourceVersionDate "2018.10.10"]
[SourceQuality "1"]

1. Nf3 d5 2. d4 e6 3. a3 Bd6 4. Nc3 c5 5. dxc5 Bxc5 6. e3 Nc6 7. Bb5 a6 8. Bxc6+ bxc6 9. Nd4 Ne7 10. Qg4 0-0 11. Qg3 Bd6 12. Qf3 e5 13. Nb3 e4 14. Qe2 f5 15. g3 Ng6 16. Bd2 Ne5 17. 0-0-0 a5 18. Na4 Nc4 19. Nbc5 Nxd2 20. Qxd2 Qe7 21. Qc3 Be5 22. Qd2 Qf6 23. c3 Rb8 24. Qc2 Bd6 25. b4 axb4 26. axb4 Bxc5 27. Nxc5 Rf7 28. Kd2 Ra7 29. Ra1 Rba8 30. Rxa7 Rxa7 31. Qb2 Qd8 32. Ra1 Qb6 33. Rxa7 Qxa7 34. Nb3 Qa6 35. Qa1 Qd3+ 36. Ke1 Ba6 37. Qb2 Qf1+ 38. Kd2 Qxf2+ 39. Kc1 Qg1+ 40. Kc2 Bd3+ 41. Kd2 Qxh2+ 42. Kc1 Qg1+ 43. Kd2 Qf2+ 44. Kc1 Qe1# 0-1

[Event "Berlin-ch Seniors op 33rd"]
[Site "Berlin"]
[Date "2017.02.02"]
[Round "3"]
[White "Wolf, Wilfried"]
[Black "Uhle, Claus"]
[Result "1-0"]
[WhiteElo "1702"]
[BlackElo "1364"]
[PlyCount "85"]
[EventDate "2017.01.31"]
[EventType "swiss"]
[EventRounds "9"]
[EventCountry "GER"]
[SourceTitle "EXT 2019"]
[Source "ChessBase"]
[SourceDate "2018.10.10"]
[SourceVersion "1"]
[SourceVersionDate "2018.10.10"]
[SourceQuality "1"]

1. e4 e5 2. Nf3 Nc6 3. Nc3 d6 4. Be2 Nf6 5. b3 d5 6. exd5 Nxd5 7. Nxd5 Qxd5 8. 0-0 Bg4 9. Bb2 0-0-0 10. d3 f6 11. Nd2 Bxe2 12. Qxe2 h5 13. a4 Nd4 14. Bxd4 Qxd4 15. Nc4 Bb4 16. Qe3 a5 17. Qxd4 Rxd4 18. Ne3 Bc3 19. Ra2 g6 20. Nd1 Bb4 21. c3 Bxc3 22. Nxc3 Rxd3 23. Rc2 c6 24. Rb1 Rhd8 25. g3 Rf3 26. Ne4 Rd4 27. Nd2 Rfd3 28. Nc4 Kc7 29. Nxa5 Rd6 30. Nc4 R6d5 31. Ne3 R5d4 32. Kg2 f5 33. Nc4 e4 34. Ne5 Rd2 35. Rbb2 Rxc2 36. Rxc2 g5 37. Nc4 f4 38. gxf4 gxf4 39. Rd2 Rd3 40. Rxd3 exd3 41. Kf3 b5 42. axb5 cxb5 43. Nd2 1-0

[Event "Berlin Hellersdorf op"]
[Site "Berlin"]
[Date "2010.01.10"]
[Round "5"]
[White "Giese, Guido"]
[Black "Uhle, Claus"]
[Result "1-0"]
[WhiteElo "1918"]
[BlackElo "1369"]
[PlyCount "89"]
[EventDate "2010.01.08"]
[EventType "swiss"]
[EventRounds "5"]
[EventCountry "GER"]
[SourceTitle "EXT 2012"]
[Source "ChessBase"]
[SourceDate "2011.11.24"]
[SourceVersion "1"]
[SourceVersionDate "2011.11.24"]
[SourceQuality "1"]

1. Nc3 Nf6 2. e4 e5 3. Nf3 Nc6 4. g3 Bc5 5. Bg2 a6 6. 0-0 d6 7. h3 Be6 8. d3 Qd7 9. Ng5 h6 10. Nxe6 Qxe6 11. a3 0-0-0 12. Nd5 Kb8 13. b4 Ba7 14. c3 g6 15. Nxf6 Qxf6 16. a4 Ne7 17. Qe2 g5 18. Bd2 Rdg8 19. Rab1 Qg6 20. b5 a5 21. c4 Bb6 22. Qe1 Bc5 23. Bxa5 b6 24. Bb4 Bd4 25. a5 bxa5 26. Bxa5 Kb7 27. Bc3 Bc5 28. Qd2 Kc8 29. d4 exd4 30. Bxd4 Bxd4 31. Qxd4 Kd7 32. Rfd1 Rd8 33. c5 Kc8 34. c6 d5 35. Qa7 Nxc6 36. bxc6 Qxc6 37. Rb8+ Kd7 38. Rxd8+ Rxd8 39. Rxd5+ Ke7 40. Rxd8 Kxd8 41. Qd4+ Ke7 42. e5 Qc1+ 43. Kh2 c5 44. Qd6+ Ke8 45. Bc6# 1-0

[Event "Berlin Hellersdorf op"]
[Site "Berlin"]
[Date "2010.01.09"]
[Round "2"]
[White "Uhle, Claus"]
[Black "Fuchs, Joerg"]
[Result "1/2-1/2"]
[WhiteElo "1369"]
[BlackElo "1699"]
[PlyCount "62"]
[EventDate "2010.01.08"]
[EventType "swiss"]
[EventRounds "5"]
[EventCountry "GER"]
[SourceTitle "EXT 2012"]
[Source "ChessBase"]
[SourceDate "2011.11.24"]
[SourceVersion "1"]
[SourceVersionDate "2011.11.24"]
[SourceQuality "1"]

1. e4 c5 2. Nc3 d6 3. Nf3 Nf6 4. Bc4 e6 5. d3 Be7 6. Bd2 0-0 7. a3 Nc6 8. h3 a6 9. Ba2 Qc7 10. Bf4 b5 11. 0-0 Bb7 12. Bg3 Rad8 13. Re1 Nh5 14. Bh2 g6 15. Qd2 Rfe8 16. Rad1 b4 17. axb4 Nxb4 18. Bb3 Qc8 19. Ne2 d5 20. Nf4 Nxf4 21. Qxf4 dxe4 22. Ne5 f6 23. Ng4 Rf8 24. dxe4 Qc6 25. f3 c4 26. c3 Nd3 27. Rxd3 cxd3 28. Kh1 Qb6 29. Bc4 d2 30. Rd1 g5 31. Qc7 Qxc7 1/2-1/2

[Event "Berlin Hellersdorf op"]
[Site "Berlin"]
[Date "2010.01.09"]
[Round "3"]
[White "Welz, Peter"]
[Black "Uhle, Claus"]
[Result "1-0"]
[WhiteElo "2066"]
[BlackElo "1369"]
[PlyCount "63"]
[EventDate "2010.01.08"]
[EventType "swiss"]
[EventRounds "5"]
[EventCountry "GER"]
[SourceTitle "EXT 2012"]
[Source "ChessBase"]
[SourceDate "2011.11.24"]
[SourceVersion "1"]
[SourceVersionDate "2011.11.24"]
[SourceQuality "1"]

1. e4 e5 2. Nf3 Nc6 3. d4 exd4 4. Nxd4 Qf6 5. Nb5 Bd6 6. N1c3 Nge7 7. Nxd6+ cxd6 8. Be3 a6 9. Qd2 h6 10. 0-0-0 0-0 11. Qxd6 Qxd6 12. Rxd6 Ne5 13. f4 N5c6 14. g4 b5 15. h4 Re8 16. h5 Na7 17. Bg2 Nec6 18. e5 Re6 19. Rhd1 Kf8 20. Ne4 Ke8 21. Nc5 Rxd6 22. Rxd6 Ke7 23. Bf2 Rb8 24. Bg3 b4 25. f5 Rb5 26. f6+ gxf6 27. exf6+ Ke8 28. Rd5 Bb7 29. Nxb7 Rxb7 30. g5 hxg5 31. h6 Kf8 32. h7 1-0